000 02771ngm a22003970a 4500
001 PT14904
003 AR-LpoUNG
005 20210202000141.0
007 vd cvaizq
008 191001s2003||||ag |||||||||||||||||spa d
040 _aAR-LpoUNG
_bspa
_cAR-LpoUNG
_eaacr
041 _aspa
044 _aag
082 0 _a982 632v13
100 1 _aPigna, Felipe
_edir.
245 1 0 _aHistoria Argentina 1983 - 1989 :
_bel final de los principios
260 _aBuenos Aires :
_bDiana,
_c2003.
300 _aVHS (85 min.) : son., col.
520 _aAlfonsín presidente. Distribución del poder en todo el país. Conadep. Juicio a las Juntas Militares. Los desaparecidos. Los grupos económicos. El PAN. Fin de la censura cinematográfica. Deuda externa. Margaret Thatcher. Ronald Reagan. Desindustrialización. Endeudamiento. Exclusión. Grinspun. Política redistributiva. Sourrouille. Oposición peronista y gremial. Ubaldini. Final del conflicto del Beagle. Nuevo juicio a las Juntas. Economía de guerra. Plan Austral. Elecciones de 1985. La Historia Oficial gana el Oscar. La Capital Federal a Viedma. Argentina gana el Mundial de Fútbol en 1986. Resistencia peronista a las privatizaciones. Conflictividad social. Leyes de Punto Final y Obediencia Debida. Sublevación carapintada de Aldo Rico. "Felices Pascuas". Ley de divorcio. Profanación del cadáver de Perón. Elecciones de 1987. Apertura de la economía y reforma del Estado. Nueva sublevación de Aldo Rico. Plan Primavera. Amotinamiento de Seineldín. Crisis energética. Bush padre, presidente de EE.UU. Copamiento del Regimiento de La Tablada. Golpe de mercado. Escalada del dólar. Estallido social. Saqueos. Menem elegido presidente. Caos. Hiperinflación de 114 (porciento) mensual. Alfonsín sale anticipadamente el gobierno. Reportajes exclusivos:Raúl Alfonsín, Horacio Verbitsky, Adolfo Pérez Esquivel, Magdalena Ruiz Guiñazú, Luis Alberto Romero, Bernardo Neustadt, Bernardo Grinspun, Saúl Ubaldini, Adolfo Canitrot, Joaquín Morales Solá, Julio César Strassera, Adriana Calvo de Laborde, Tulio Halperín Donghi, Aldo Rico, Ricardo Molinas, Estela de Carlotto, Hebe de Bonafini, Eduardo Aliverti, León Gieco, Monseñor Justo Laguna, Jesús Rodríguez, Claudio Lozano.
650 4 _aANALISIS HISTORICO
650 4 _aARGENTINA
650 4 _aHISTORIA
650 4 _aHISTORIA POLITICA
650 4 _aHISTORIA SOCIAL
650 4 _aMEDIOS DE COMUNICACION
650 4 _aPROBLEMAS SOCIALES
650 4 _aSOCIEDAD
651 4 _aArgentina
653 _aDOCUMENTALES
653 _aVIDEOS
653 _aVIDEOS DIDACTICOS
710 2 _aEscuela Superior de Comercio Carlos Pellegrini (Buenos Aires)
710 2 _aUniversidad de Buenos Aires
905 _a14904
942 _cVIDEO
999 _c54206
_d54206